[Event "Polfinaly Mistrzostw Polski Juniorow C11"]
[Site "Szklarska Poreba 2015"]
[Date "2015.??.??"]
[Round "3.6"]
[White "Czarnomski, Dominik"]
[Black "Kosior, Jan"]
[Result "1-0"]
[WhiteElo "1323"]
[BlackElo "1312"]
[PlyCount "94"]
[EventDate "2015.??.??"]

1. d4 Nf6 2. c4 c5 3. d5 b5 4. cxb5 a6 5. bxa6 Bxa6 6. Nc3 d6 7. g3 g6 8. Bg2
Bg7 9. Nf3 O-O 10. O-O Nbd7 11. Re1 Nb6 12. e4 Nc4 13. Bf1 Qa5 14. Nd2 Nxd2 15.
Bxd2 Bxf1 16. Rxf1 Rfb8 17. Rb1 Nd7 18. a3 Ne5 19. Qe2 Qa6 20. Qd1 Qd3 21. Bf4
g5 22. Bxe5 Qxd1 23. Rfxd1 Bxe5 24. Rdc1 Ra7 25. Rc2 Rab7 26. Na4 Rb3 27. Rcc1
Bxb2 28. Nxb2 Rxb2 29. Rxb2 Rxb2 30. Kf1 Ra2 31. Rc3 Kg7 32. h3 Kf6 33. Rf3+
Ke5 34. Rxf7 Kxe4 35. Rxe7+ Kxd5 36. Rxh7 Rxa3 37. Rh5 c4 38. Rxg5+ Kc6 39. Rg8
c3 40. Rc8+ Kb5 41. Ke2 d5 42. Kd3 Kb4 43. h4 d4 44. Kxd4 Ra7 45. Rb8+ Ka3 46.
Kxc3 Rc7+ 47. Kd4 Rf7 1-0

[Event "Polfinaly Mistrzostw Polski Juniorow C11"]
[Site "Szklarska Poreba 2015"]
[Date "2015.??.??"]
[Round "3.7"]
[White "Stypka, Sebastian"]
[Black "Norek, Bartosz"]
[Result "0-1"]
[WhiteElo "1254"]
[BlackElo "1542"]
[PlyCount "80"]
[EventDate "2015.??.??"]

1. e4 c5 2. Nf3 d6 3. d4 cxd4 4. Nxd4 Nf6 5. Nc3 a6 6. Be2 e6 7. a4 Be7 8. Be3
O-O 9. O-O Nc6 10. Kh1 Qc7 11. f4 Re8 12. Nb3 b6 13. Qe1 Bb7 14. Bf3 Nd7 15.
Qg3 Bf6 16. h4 Rac8 17. h5 Nc5 18. h6 g6 19. Rfe1 Ne7 20. Bxc5 bxc5 21. e5 Nf5
22. Qh2 Bxf3 23. gxf3 Be7 24. Rad1 d5 25. Nd2 Rb8 26. b3 Rb4 27. Nf1 Bg5 28.
Ne2 Bxh6 29. Nfg3 Bxf4 30. Nxf4 Rxf4 31. Nxf5 Rxf5 32. Kg2 Rb8 33. Rd2 c4 34.
bxc4 Qxc4 35. Kg3 Qf4+ 36. Kg2 Qxd2+ 37. Kg1 Qxe1+ 38. Kg2 Rg5+ 39. Kh3 Qf1+
40. Kh4 Rh5+ 0-1

[Event "Polfinaly Mistrzostw Polski Juniorow C11"]
[Site "Szklarska Poreba 2015"]
[Date "2015.??.??"]
[Round "3.8"]
[White "Horoszczak, Adam"]
[Black "Lokaj, Bartlomiej"]
[Result "1/2-1/2"]
[WhiteElo "1261"]
[BlackElo "1310"]
[PlyCount "102"]
[EventDate "2015.??.??"]

1. e4 e5 2. Nf3 Nf6 3. Nc3 Bb4 4. Bc4 O-O 5. d3 Bxc3+ 6. bxc3 d6 7. O-O h6 8.
h3 Nc6 9. Rb1 Na5 10. Bb3 Be6 11. Bd2 b6 12. Re1 c6 13. Qe2 Qc7 14. d4 Rfe8 15.
Qd3 Nxb3 16. cxb3 exd4 17. cxd4 d5 18. e5 Ne4 19. Rbc1 Qb7 20. Be3 Rac8 21. Nd2
c5 22. Nxe4 dxe4 23. Qe2 cxd4 24. Rxc8 Rxc8 25. Bxd4 Bd5 26. Rd1 Qc6 27. Qd2
Rd8 28. Qe2 Qe6 29. Qe3 Bc6 30. Rd2 Kh7 31. Bc3 Rxd2 32. Qxd2 Qd5 33. Qxd5 Bxd5
34. Kf1 Kg6 35. Ke2 Kf5 36. Ke3 h5 37. g3 a5 38. Kd4 Be6 39. Ke3 a4 40. bxa4
Bxa2 41. Kd4 Bb3 42. a5 bxa5 43. Bxa5 Bd1 44. Bc3 Bf3 45. Ke3 Bg2 46. h4 g5 47.
hxg5 Kxg5 48. Be1 Kg4 49. Bc3 h4 50. gxh4 Kxh4 51. Kf4 Bf3 1/2-1/2

[Event "Polfinaly Mistrzostw Polski Juniorow C11"]
[Site "Szklarska Poreba 2015"]
[Date "2015.??.??"]
[Round "3.10"]
[White "Sypek, Szymon"]
[Black "Szydlo, Michal"]
[Result "1/2-1/2"]
[WhiteElo "1227"]
[BlackElo "1275"]
[PlyCount "72"]
[EventDate "2015.??.??"]

1. d4 Nf6 2. Nf3 e6 3. c4 Bb4+ 4. Nc3 Bxc3+ 5. bxc3 b6 6. e3 Bb7 7. Bd3 Ne4 8.
Bxe4 Bxe4 9. Ba3 d6 10. O-O Nd7 11. Nd2 Bb7 12. Bb2 h5 13. e4 e5 14. d5 Qf6 15.
Qf3 g5 16. Qxf6 Nxf6 17. f3 Ke7 18. h3 Bc8 19. Kf2 h4 20. a4 a5 21. Bc1 Nh5 22.
Nb1 f6 23. Re1 Nf4 24. Bxf4 gxf4 25. Na3 Ba6 26. Nb5 Bxb5 27. cxb5 Rhg8 28. Rg1
Rg3 29. c4 Kd7 30. Rab1 Rb8 31. Rb2 Rbg8 32. Rbb1 Rb8 33. Rb2 Rbg8 34. Rbb1 Rb8
35. Rb2 Rbg8 36. Rbb1 Rb8 1/2-1/2

[Event "Polfinaly Mistrzostw Polski Juniorow C11"]
[Site "Szklarska Poreba 2015"]
[Date "2015.??.??"]
[Round "3.11"]
[White "Wieczorek, Karol"]
[Black "Kossowski, Pawel"]
[Result "0-1"]
[WhiteElo "1193"]
[BlackElo "1275"]
[PlyCount "104"]
[EventDate "2015.??.??"]

1. e4 e5 2. Nf3 Nc6 3. Bb5 a6 4. Ba4 Nf6 5. O-O b5 6. Bb3 Be7 7. Re1 d6 8. h3
Na5 9. c3 Nxb3 10. Qxb3 Bb7 11. d3 O-O 12. Nbd2 c5 13. Nf1 Ne8 14. Ng3 g6 15.
Bh6 Ng7 16. a4 Qd7 17. axb5 axb5 18. Ng5 Bxg5 19. Bxg5 Ne6 20. Be3 Bc6 21. Reb1
Ra7 22. Qd1 Rfa8 23. b4 Ra3 24. Rxa3 Rxa3 25. Qc2 Qa7 26. d4 cxd4 27. cxd4 exd4
28. Bh6 Rc3 29. Qd2 Qa8 30. f3 Qa3 31. Ne2 Rc4 32. Rc1 Rxc1+ 33. Qxc1 Qxc1+ 34.
Nxc1 g5 35. Kf2 f6 36. Kg3 Kf7 37. f4 Nxf4 38. h4 Ne6 39. h5 Nf4 40. Kg4 Nxg2
41. Kf3 Nf4 42. Kg4 Bxe4 43. Nb3 Nxh5 44. Nxd4 Nf4 45. Nxb5 Ke6 46. Bf8 h5+ 47.
Kg3 h4+ 48. Kh2 g4 49. Bxd6 g3+ 50. Kg1 Ne2+ 51. Kf1 g2+ 52. Kxe2 g1=Q 0-1

[Event "Polfinaly Mistrzostw Polski Juniorow C11"]
[Site "Szklarska Poreba 2015"]
[Date "2015.??.??"]
[Round "3.12"]
[White "Bartosik, Franciszek"]
[Black "Rybak, Igor"]
[Result "1-0"]
[WhiteElo "1183"]
[BlackElo "1225"]
[PlyCount "115"]
[EventDate "2015.??.??"]

1. e4 c5 2. Nf3 d6 3. c3 Nf6 4. Bd3 Nc6 5. Bc2 Bg4 6. h3 Bxf3 7. Qxf3 g6 8. Qd1
Bg7 9. d4 Nd7 10. d5 Nce5 11. b3 Nb6 12. Bb2 O-O 13. c4 a5 14. f4 Ned7 15. Bxg7
Kxg7 16. O-O a4 17. Nc3 axb3 18. axb3 Nf6 19. Rxa8 Nxa8 20. Qf3 Nc7 21. f5 Qd7
22. fxg6 fxg6 23. Qg3 e5 24. h4 Nh5 25. Qh2 Qg4 26. Bd1 Rxf1+ 27. Kxf1 Qf4+ 28.
Qxf4 Nxf4 29. g3 Nd3 30. Ke2 Nb4 31. Kf3 Kf6 32. Na4 h5 33. g4 Nd3 34. Nb6
hxg4+ 35. Kg3 g5 36. hxg5+ Kxg5 37. Bxg4 Nf2 38. Bf3 Nd3 39. Na4 b5 40. cxb5
Nxb5 41. Be2 Nd4 42. Bxd3 Nxb3 43. Nb6 Kf6 44. Nc8 Nc1 45. Bc4 Kf7 46. Nxd6+
Ke7 47. Nf5+ Kd7 48. Kf2 Kc7 49. Ke1 Kb6 50. Kd1 Ka5 51. Kxc1 Kb4 52. d6 Kxc4
53. d7 Kb3 54. d8=Q c4 55. Qb6+ Ka4 56. Kb2 c3+ 57. Kxc3 Ka3 58. Qb3# 1-0

[Event "Polfinaly Mistrzostw Polski Juniorow C11"]
[Site "Szklarska Poreba 2015"]
[Date "2015.??.??"]
[Round "3.13"]
[White "Lazniewski, Tadeusz"]
[Black "Wrona, Florian"]
[Result "1/2-1/2"]
[WhiteElo "1167"]
[BlackElo "1261"]
[PlyCount "91"]
[EventDate "2015.??.??"]

1. e4 e5 2. Nf3 Nc6 3. Bc4 Bc5 4. c3 Nf6 5. d4 exd4 6. cxd4 Bb4+ 7. Bd2 Bxd2+
8. Nbxd2 d6 9. d5 Ne5 10. Nxe5 dxe5 11. O-O O-O 12. Re1 h6 13. h3 Bd7 14. Nf3
Re8 15. Qb3 Rb8 16. Rad1 c6 17. dxc6 bxc6 18. Qc3 Qc7 19. a3 Be6 20. Bxe6 Rxe6
21. Rd3 Qb6 22. Nxe5 Qxb2 23. Qxb2 Rxb2 24. Rd8+ Kh7 25. Nxf7 Rxe4 26. Rxe4
Nxe4 27. Rh8+ Kg6 28. Ne5+ Kg5 29. f3 Nf6 30. Nxc6 Ra2 31. Nxa7 Rxa3 32. Nc6
Ra1+ 33. Kh2 Ra2 34. Rb8 h5 35. Rb5+ Kh4 36. Rb4+ Kg5 37. Rb5+ Kg6 38. Ne7+ Kf7
39. Rxh5 Kxe7 40. Rb5 Kf7 41. h4 Kg6 42. h5+ Kh7 43. Kh3 Ra1 44. Kh2 Rf1 45.
Rb7 Rd1 46. Rb5 1/2-1/2

[Event "Polfinaly Mistrzostw Polski Juniorow C11"]
[Site "Szklarska Poreba 2015"]
[Date "2015.??.??"]
[Round "3.14"]
[White "Topola, Rafal"]
[Black "Szafranski, Maciej"]
[Result "1-0"]
[WhiteElo "1171"]
[BlackElo "1242"]
[PlyCount "122"]
[EventDate "2015.??.??"]

1. e4 c5 2. Nf3 d6 3. d4 cxd4 4. Nxd4 Nf6 5. Nc3 a6 6. Be2 b5 7. a3 Bb7 8. f3
e6 9. Be3 Be7 10. O-O O-O 11. Bf2 Nbd7 12. Qd2 Nb6 13. Rad1 Qc7 14. Qc1 Nc4 15.
Rfe1 Nxa3 16. bxa3 Qxc3 17. Rd3 Qc7 18. Bd1 Rac8 19. g4 Nd7 20. h4 Ne5 21. Rb3
Qd8 22. h5 h6 23. f4 Nc6 24. Nxc6 Bxc6 25. Rh3 f6 26. f5 e5 27. Rd3 Qa5 28. Qb2
Bb7 29. Ree3 Rc4 30. Bf3 Rfc8 31. Be1 Qb6 32. Qb3 Kh8 33. Bf2 Rxc2 34. Re2 Rc1+
35. Kg2 Qc7 36. Be3 Rc2 37. Bd2 Qc4 38. Qxc4 R8xc4 39. Kg3 Rd4 40. Rxd4 exd4
41. Rg2 d5 42. exd5 Bxa3 43. Bf4 Rxg2+ 44. Kxg2 b4 45. d6 Bxf3+ 46. Kxf3 b3 47.
d7 Be7 48. Bc1 Kg8 49. Ke4 Kf7 50. Ba3 Bd8 51. Kxd4 b2 52. Bxb2 Ke7 53. Ba3+
Kxd7 54. Bf8 Bb6+ 55. Kd3 a5 56. Bxg7 a4 57. Bxh6 a3 58. Kc2 Bd4 59. Kb1 Bb2
60. Bf8 Ke8 61. Bxa3 Bxa3 1-0

[Event "Polfinaly Mistrzostw Polski Juniorow C11"]
[Site "Szklarska Poreba 2015"]
[Date "2015.??.??"]
[Round "3.15"]
[White "Zaborowski, Maciej"]
[Black "Zabron, Maksym"]
[Result "1/2-1/2"]
[WhiteElo "1136"]
[BlackElo "1468"]
[PlyCount "136"]
[EventDate "2015.??.??"]

1. e4 c5 2. Nf3 d6 3. d4 cxd4 4. Nxd4 Nf6 5. Nc3 Nc6 6. Bb5 Bd7 7. Nxc6 bxc6 8.
Bd3 g6 9. Bg5 Bg7 10. O-O O-O 11. Qd2 Rb8 12. b3 Qa5 13. Na4 Qc7 14. Bh6 c5 15.
Nc3 Qa5 16. Bxg7 Kxg7 17. f4 Bc6 18. Rae1 Qb6 19. Kh1 Qb7 20. f5 Ng4 21. h3 Ne5
22. Qg5 f6 23. Qg3 Qb4 24. Nb1 a5 25. fxg6 hxg6 26. h4 Rh8 27. c3 Qb7 28. Rd1
Nxd3 29. Rxd3 Bxe4 30. Re3 Rxh4+ 31. Kg1 Rbh8 32. Rfe1 Rh1+ 33. Kf2 Rxe1 34.
Rxe1 Rh5 35. Nd2 Rg5 36. Qe3 d5 37. Nxe4 dxe4 38. Qxe4 Rf5+ 39. Kg1 Qxe4 40.
Rxe4 Re5 41. Ra4 Re3 42. c4 Kf7 43. Rxa5 Re5 44. a4 Ke6 45. Rb5 Kd6 46. a5 Re1+
47. Kf2 Ra1 48. Rb6+ Ke5 49. Ra6 Ke4 50. Ra8 Ra2+ 51. Kg3 Ra3 52. a6 Rxb3+ 53.
Kh2 Ra3 54. a7 e5 55. Kg1 Kf4 56. Kf2 e4 57. g3+ Kg4 58. Rf8 Rxa7 59. Rxf6 g5
60. Rc6 Ra3 61. Rxc5 Rxg3 62. Rxg5+ Kxg5 63. Kxg3 Kf5 64. Kf2 Kf4 65. Ke2 e3
66. c5 Ke5 67. Kxe3 Kd5 68. c6 Kxc6 1/2-1/2

[Event "Polfinaly Mistrzostw Polski Juniorow C11"]
[Site "Szklarska Poreba 2015"]
[Date "2015.??.??"]
[Round "3.16"]
[White "Franc, Piotr"]
[Black "Bednarczyk, Mateusz"]
[Result "0-1"]
[WhiteElo "1187"]
[BlackElo "1133"]
[PlyCount "76"]
[EventDate "2015.??.??"]

1. e4 c5 2. Nf3 Nc6 3. d4 cxd4 4. Nxd4 Nf6 5. Nc3 d6 6. Bb5 Bd7 7. Bxc6 bxc6 8.
O-O e5 9. Nf3 Be7 10. Bg5 Be6 11. Re1 O-O 12. h3 h6 13. Bh4 Qc7 14. Bg3 Rab8
15. b3 Nh5 16. Bh2 Nf4 17. Bxf4 exf4 18. Qd2 Bf6 19. Rad1 Qa5 20. Na4 Qxd2 21.
Rxd2 Rbd8 22. e5 dxe5 23. Rxd8 Rxd8 24. Nxe5 Rd2 25. Nd3 Rxc2 26. Nxf4 Bd4 27.
Rf1 Rxa2 28. Nxe6 fxe6 29. Kh2 Ra3 30. Rc1 Bxf2 31. Rxc6 Rxb3 32. g4 Rb4 33.
Nc5 Rc4 34. Rc8+ Kh7 35. Re8 Rxc5 36. Rxe6 a5 37. Re2 Bd4 38. Rd2 Bf6 0-1

[Event "Polfinaly Mistrzostw Polski Juniorow C11"]
[Site "Szklarska Poreba 2015"]
[Date "2015.11.10"]
[Round "4.1"]
[White "Trybus, Daniel"]
[Black "Wolaniecki, Patryk"]
[Result "0-1"]
[WhiteElo "1448"]
[BlackElo "1490"]
[PlyCount "76"]
[EventDate "2015.??.??"]
[WhiteClock "1:02:32"]
[BlackClock "0:41:12"]

1. e4 c5 2. Nc3 Nc6 3. Bb5 e6 4. Bxc6 bxc6 5. d3 d5 6. f4 Be7 7. Nf3 Nf6 8. O-O
O-O 9. Bd2 Qb6 10. e5 Nd7 11. Kh1 f6 12. Qe1 Re8 13. Qg3 Nf8 14. f5 exf5 15. e6
Bxe6 16. Bh6 Ng6 17. Nh4 Bf7 18. Nxg6 Bxg6 19. h4 gxh6 20. h5 Kf7 21. hxg6+
hxg6 22. Ne2 Qb8 23. Nf4 g5 24. Qh3 gxf4 25. Qxf5 Rg8 26. Rae1 Qd6 27. Rf2 Rae8
28. Rfe2 f3 29. gxf3 Qg3 30. Qh5+ Qg6 31. Qh3 f5 32. Qh2 Bd6 33. f4 Rxe2 34.
Qxe2 Qf6 35. Qf2 Rg4 36. d4 Qh4+ 37. Qh2 Qxe1+ 38. Qg1 Qxg1# 0-1

[Event "Polfinaly Mistrzostw Polski Juniorow C11"]
[Site "Szklarska Poreba 2015"]
[Date "2015.11.10"]
[Round "4.2"]
[White "Celebias, Filip"]
[Black "Mechlinski, Jakub"]
[Result "0-1"]
[WhiteElo "1350"]
[BlackElo "1818"]
[PlyCount "73"]
[EventDate "2015.??.??"]
[WhiteClock "0:23:31"]
[BlackClock "0:55:16"]

1. e4 e6 2. d4 d5 3. Nd2 c5 4. exd5 exd5 5. Ngf3 Nc6 6. Bb5 Bd6 7. dxc5 Bxc5 8.
O-O Nge7 9. Nb3 Bd6 10. Re1 O-O 11. Be3 Bg4 12. c3 Qc7 13. h3 Bh5 14. Be2 Rad8
15. Nfd4 Bxe2 16. Qxe2 a6 17. Rad1 Ne5 18. Bg5 Rfe8 19. Qh5 Rc8 20. Bxe7 Rxe7
21. Nf5 Ree8 22. Ne3 Ng6 23. Nxd5 Qc6 24. Ne3 Nf4 25. Qg4 h5 26. Qg5 f6 27.
Rxd6 fxg5 28. Rxc6 bxc6 29. Rd1 Rcd8 30. Rxd8 Rxd8 31. Nc5 Nd3 32. Nxd3 Rxd3
33. Kf1 Rd2 34. Nc4 Rc2 35. g3 Kf7 36. Ne5+ Ke6 37. Nxc6 0-1

[Event "Polfinaly Mistrzostw Polski Juniorow C11"]
[Site "Szklarska Poreba 2015"]
[Date "2015.11.10"]
[Round "4.4"]
[White "Norek, Bartosz"]
[Black "Kujawa, Krzysztof"]
[Result "1-0"]
[WhiteElo "1542"]
[BlackElo "1333"]
[PlyCount "45"]
[EventDate "2015.??.??"]

1. e4 c6 2. d4 d5 3. e5 Bf5 4. Nf3 e6 5. Be2 c5 6. Be3 Qb6 7. Nc3 Qxb2 8. Nb5
Kd7 9. c4 a6 10. Nd6 Bxd6 11. exd6 Nc6 12. cxd5 exd5 13. dxc5 Nf6 14. O-O Rhe8
15. Bd3 Bxd3 16. Qxd3 Ne5 17. Qf5+ Kd8 18. Rab1 Nxf3+ 19. Qxf3 Qxa2 20. Rxb7
Kc8 21. Rxf7 Rg8 22. Qf5+ Kb8 23. Rb1+ 1-0

[Event "Polfinaly Mistrzostw Polski Juniorow C11"]
[Site "Szklarska Poreba 2015"]
[Date "2015.??.??"]
[Round "4.6"]
[White "Dolharz, Jakub"]
[Black "Oborski, Artur"]
[Result "1-0"]
[WhiteElo "1382"]
[BlackElo "1300"]
[PlyCount "65"]
[EventDate "2015.??.??"]

1. e4 e5 2. Nf3 Nc6 3. d4 exd4 4. Nxd4 Nf6 5. Nc3 Bb4 6. Nxc6 bxc6 7. Bd3 d5 8.
exd5 cxd5 9. O-O Bxc3 10. bxc3 O-O 11. Bg5 a5 12. Qf3 Ba6 13. Qh3 Bxd3 14. cxd3
Re8 15. Rab1 Ra6 16. Rfe1 Rae6 17. Rxe6 Rxe6 18. Bxf6 Rxf6 19. Qd7 Rd6 20.
Qxd8+ Rxd8 21. Rb5 Kf8 22. Rxa5 Rb8 23. g3 c6 24. Ra6 Rc8 25. a4 Ke7 26. Ra7+
Kd6 27. a5 g5 28. Kf1 c5 29. Ra6+ Ke5 30. Ke2 d4 31. c4 f5 32. h4 gxh4 33. f4#
1-0

[Event "Polfinaly Mistrzostw Polski Juniorow C11"]
[Site "Szklarska Poreba 2015"]
[Date "2015.??.??"]
[Round "4.7"]
[White "Topola, Rafal"]
[Black "Oles, Martin"]
[Result "1-0"]
[WhiteElo "1171"]
[BlackElo "1374"]
[PlyCount "98"]
[EventDate "2015.??.??"]

1. e4 c5 2. Nf3 Nc6 3. d4 cxd4 4. Nxd4 d5 5. Nxc6 bxc6 6. exd5 Qxd5 7. Qxd5
cxd5 8. Bd3 e5 9. f3 Bc5 10. Nc3 Nf6 11. Bb5+ Bd7 12. Bxd7+ Kxd7 13. Na4 Bd6
14. O-O Rac8 15. c3 h6 16. Be3 Ra8 17. Nc5+ Bxc5 18. Bxc5 Kc6 19. Bf2 a6 20.
Rfe1 Rhe8 21. Re2 Nd7 22. Rae1 f6 23. Rd1 Nc5 24. Red2 Rad8 25. Bxc5 Kxc5 26.
Kf2 Re7 27. Rc1 a5 28. Rcd1 Red7 29. Ke2 d4 30. cxd4+ Rxd4 31. Rxd4 Rxd4 32.
Rxd4 Kxd4 33. Kd2 f5 34. b3 h5 35. g3 f4 36. gxf4 exf4 37. a3 g6 38. h4 Ke5 39.
b4 axb4 40. axb4 Kd4 41. b5 Kc5 42. Kd3 Kxb5 43. Ke4 g5 44. hxg5 h4 45. Kxf4 h3
46. Kg3 Kc6 47. f4 Kd7 48. Kxh3 Ke6 49. Kg4 Kf7 1-0

[Event "Polfinaly Mistrzostw Polski Juniorow C11"]
[Site "Szklarska Poreba 2015"]
[Date "2015.??.??"]
[Round "4.8"]
[White "Lokaj, Bartlomiej"]
[Black "Sypek, Szymon"]
[Result "1/2-1/2"]
[WhiteElo "1310"]
[BlackElo "1227"]
[PlyCount "102"]
[EventDate "2015.??.??"]

1. f4 d5 2. Nf3 Nf6 3. e3 c5 4. d3 Nc6 5. Be2 e6 6. O-O Bd6 7. Nbd2 O-O 8. e4
Bc7 9. e5 Nd7 10. Nb3 Bb6 11. Kh1 a6 12. c4 d4 13. Bd2 Na5 14. Qc2 Nxb3 15.
Qxb3 Nb8 16. Ng5 Nc6 17. Ne4 Ne7 18. Nd6 Nf5 19. Nxc8 Rxc8 20. Bf3 Rb8 21. g3
Ba5 22. Rf2 Bxd2 23. Rxd2 b6 24. Qa4 a5 25. Be4 Ne3 26. Qb5 Qe8 27. Bc6 Qc8 28.
a3 Qc7 29. Bf3 Rfd8 30. h3 Qd7 31. Bc6 Qc7 32. Rb1 Rdc8 33. Bf3 Rd8 34. Kg1 g6
35. Kf2 Kg7 36. b4 h5 37. Rdb2 axb4 38. axb4 cxb4 39. Rxb4 Nc2 40. Ra4 Qc5 41.
Ra6 Qc7 42. Rxb6 Na3 43. Rxb8 Nxb5 44. Rxd8 Qxd8 45. Rxb5 Qc8 46. c5 Qa6 47.
Rb7 Qxd3 48. c6 Qc2+ 49. Kg1 Qc1+ 50. Kh2 Qd2+ 51. Bg2 Qc3 {Zapis nieczytelny}
1/2-1/2

[Event "Polfinaly Mistrzostw Polski Juniorow C11"]
[Site "Szklarska Poreba 2015"]
[Date "2015.??.??"]
[Round "4.9"]
[White "Szydlo, Michal"]
[Black "Bartosik, Franciszek"]
[Result "0-1"]
[WhiteElo "1275"]
[BlackElo "1183"]
[PlyCount "98"]
[EventDate "2015.??.??"]

1. e4 c5 2. Nf3 e6 3. d4 cxd4 4. Nxd4 a6 5. Nc3 Qc7 6. Be3 Nf6 7. Bd3 b5 8. Qf3
Bb7 9. Bg5 Be7 10. Bxf6 Bxf6 11. Qe3 Nc6 12. Nxc6 Bxc6 13. a3 O-O 14. g4 g6 15.
h4 d5 16. Ne2 dxe4 17. Bxe4 Bxe4 18. Qxe4 Bxb2 19. Rb1 Bc3+ 20. Kf1 Qe5 21. Qd3
Ba5 22. h5 Rfd8 23. Qh3 Rd2 24. Qf3 Rad8 25. hxg6 fxg6 26. Rb3 Bb6 27. Re3 Bxe3
28. Qxe3 Qd5 29. f3 Rd1+ 30. Kg2 Re8 31. Rxd1 Qxd1 32. Kf2 Qxc2 33. Qa7 Qc6 34.
Qe3 Rc8 35. Nd4 Qd6 36. Kg2 Rd8 37. Nb3 Rc8 38. Nd4 e5 39. Ne2 Rc2 40. Qb3+ Rc4
41. Qe3 e4 42. fxe4 Qe6 43. Ng3 Qxg4 44. Qd3 Qg5 45. a4 h5 46. axb5 axb5 47.
Qd6 Rc2+ 48. Kf1 Qc1+ 49. Qd1 Qxd1# 0-1

[Event "Polfinaly Mistrzostw Polski Juniorow C11"]
[Site "Szklarska Poreba 2015"]
[Date "2015.??.??"]
[Round "4.11"]
[White "Bednarczyk, Mateusz"]
[Black "Kosior, Jan"]
[Result "0-1"]
[WhiteElo "1133"]
[BlackElo "1312"]
[PlyCount "134"]
[EventDate "2015.??.??"]

1. e4 d5 2. exd5 Nf6 3. Nc3 Nxd5 4. Bc4 Nb6 5. Bb3 Nc6 6. Nf3 Bg4 7. h3 Bh5 8.
O-O Nd4 9. g4 Nxf3+ 10. Qxf3 Bg6 11. Na4 c6 12. Nxb6 Qxb6 13. d3 e6 14. Be3 Qc7
15. Bf4 Bd6 16. Bxd6 Qxd6 17. Rad1 h5 18. g5 h4 19. Qg4 Bh5 20. Qxh4 O-O-O 21.
Qg3 Qxg3+ 22. fxg3 Bxd1 23. Rxd1 Rxh3 24. Kg2 Rdh8 25. Rf1 Rh2+ 26. Kf3 Rh1 27.
Rxh1 Rxh1 28. g6 Kd7 29. Kg2 Rh8 30. gxf7 Rf8 31. Kf3 Rxf7+ 32. Ke4 a5 33. Ke5
Re7 34. a4 b5 35. d4 bxa4 36. Bxa4 Rf7 37. Bb3 Rf5+ 38. Ke4 Kd6 39. g4 Rb5 40.
Ke3 Rb4 41. Kd3 a4 42. Bc4 Rxb2 43. Kc3 Rb8 44. g5 a3 45. g6 Ra8 46. Ba2 Rb8
47. Bb3 e5 48. dxe5+ Kxe5 49. Bc4 c5 50. Bb3 Rb6 51. Kc4 Rxg6 52. Kxc5 Ra6 53.
Ba2 g5 54. Kc4 g4 55. Kd3 Rb6 56. Ke3 Rb2 57. c4 Rxa2 58. c5 Rc2 59. c6 a2 60.
c7 a1=Q 61. c8=Q Rxc8 62. Kf2 g3+ 63. Kxg3 Qg1+ 64. Kf3 Rc3+ 65. Ke2 Qg2+ 66.
Kd1 Ra3 67. Kc1 Ra1# 0-1

[Event "Polfinaly Mistrzostw Polski Juniorow C11"]
[Site "Szklarska Poreba 2015"]
[Date "2015.??.??"]
[Round "4.12"]
[White "Wrona, Florian"]
[Black "Olsztynski, Jan"]
[Result "1/2-1/2"]
[WhiteElo "1261"]
[BlackElo "1114"]
[PlyCount "65"]
[EventDate "2015.??.??"]

1. e4 c5 2. Nf3 Nc6 3. Bb5 d6 4. h3 g6 5. d3 Bg7 6. Nc3 Bd7 7. O-O Nf6 8. Bd2
O-O 9. Re1 Qc7 10. Bg5 a6 11. Bxf6 Bxf6 12. Nd5 Qb8 13. Nb6 Qd8 14. Nxa8 axb5
15. Rb1 Qxa8 16. a3 Nd4 17. Nxd4 Bxd4 18. c3 Bg7 19. f4 e5 20. fxe5 Bxe5 21.
Rf1 Qa7 22. Kh1 Rb8 23. d4 cxd4 24. cxd4 Bg7 25. e5 dxe5 26. dxe5 Rd8 27. Qb3
Rf8 28. Rbd1 Bf5 29. Qxb5 Bxe5 30. Qe2 Re8 31. Qd2 Bg7 32. Rfe1 Rf8 33. Qb4 {
Zapis nieczytelny} 1/2-1/2

[Event "Polfinaly Mistrzostw Polski Juniorow C11"]
[Site "Szklarska Poreba 2015"]
[Date "2015.??.??"]
[Round "4.13"]
[White "Zaborowski, Maciej"]
[Black "Stypka, Sebastian"]
[Result "0-1"]
[WhiteElo "1136"]
[BlackElo "1254"]
[PlyCount "106"]
[EventDate "2015.??.??"]

1. e4 e5 2. Nf3 Nc6 3. Bc4 Bc5 4. d3 Nf6 5. O-O O-O 6. Nc3 d6 7. Bg5 h6 8. Bh4
Bg4 9. Nd5 g5 10. Bg3 Nxd5 11. Bxd5 Nd4 12. b3 Nxf3+ 13. gxf3 Bh3 14. Bxb7 Rb8
15. Bd5 Bxf1 16. Qxf1 Bd4 17. Rc1 Qf6 18. Qg2 Rfc8 19. c3 c6 20. Bc4 Bb6 21.
Kh1 Rd8 22. b4 a5 23. a3 c5 24. b5 a4 25. Rg1 Ba5 26. h4 Kh7 27. hxg5 hxg5 28.
Qh2+ Qh6 29. Qxh6+ Kxh6 30. Rc1 Rh8 31. Kg2 Kg6 32. Rc2 f5 33. exf5+ Kxf5 34.
Rc1 g4 35. fxg4+ Kxg4 36. f3+ Kf5 37. Bf2 Rb7 38. d4 Rg7+ 39. Bg3 cxd4 40. cxd4
exd4 41. Rd1 Bc7 42. Rxd4 Rxg3+ 43. Kxg3 d5+ 44. Kg2 dxc4 45. Rxc4 Bb6 46. Rxa4
Rg8+ 47. Kf1 Ke5 48. Ra6 Bc5 49. a4 Kd4 50. a5 Kd3 51. Rd6+ Bxd6 52. b6 Bc5 53.
b7 Rg1# 0-1

[Event "Polfinaly Mistrzostw Polski Juniorow C11"]
[Site "Szklarska Poreba 2015"]
[Date "2015.??.??"]
[Round "4.14"]
[White "Rybak, Igor"]
[Black "Lazniewski, Tadeusz"]
[Result "0-1"]
[WhiteElo "1225"]
[BlackElo "1167"]
[PlyCount "72"]
[EventDate "2015.??.??"]

1. e4 e5 2. Nf3 Nc6 3. Bb5 g6 4. d4 exd4 5. Bg5 f6 6. Bh4 g5 7. Bg3 Bc5 8. c3
dxc3 9. Nxc3 Bb4 10. Qd2 Nge7 11. O-O-O a6 12. Ba4 b5 13. Bb3 h5 14. h3 h4 15.
Bh2 d6 16. Rhe1 g4 17. hxg4 Bxg4 18. Qf4 Bxf3 19. Qxf3 Bxc3 20. Qxc3 Rf8 21.
Bd5 Qd7 22. e5 fxe5 23. Bxe5 Nxd5 24. Rxd5 Nxe5 25. Rexe5+ Kd8 26. Re4 Qf7 27.
Qd4 Qxf2 28. Rxd6+ cxd6 29. Qxd6+ Kc8 30. Qc6+ Kd8 31. Qxa8+ Kc7 32. Qxa6 Qf1+
33. Kd2 Rd8+ 34. Kc3 Qd3+ 35. Kb4 Qxe4+ 36. Kxb5 Rd5# 0-1

[Event "Polfinaly Mistrzostw Polski Juniorow C11"]
[Site "Szklarska Poreba 2015"]
[Date "2015.??.??"]
[Round "4.16"]
[White "Zabron, Maksym"]
[Black "Szafranski, Maciej"]
[Result "1-0"]
[WhiteElo "1468"]
[BlackElo "1242"]
[PlyCount "69"]
[EventDate "2015.??.??"]

1. d4 d5 2. c4 e6 3. Nc3 Nf6 4. Bg5 Nbd7 5. Nf3 c6 6. e3 Bd6 7. Bd3 dxc4 8.
Bxc4 b5 9. Bd3 a6 10. O-O c5 11. Ne4 Be7 12. Bxf6 Nxf6 13. Nxc5 Bxc5 14. dxc5
Bb7 15. Qe2 Bxf3 16. Qxf3 Qxd3 17. Qxa8+ Qd8 18. Qxd8+ Kxd8 19. Rfd1+ Ke7 20.
Rac1 Nd5 21. a3 a5 22. e4 Nf4 23. Kf1 e5 24. c6 Rc8 25. Rc5 Ne6 26. Rxb5 Rxc6
27. Rxa5 Kf6 28. b4 Nd4 29. b5 Rb6 30. Ra6 Rxa6 31. bxa6 Nb5 32. a4 Na7 33. Rd7
Nc8 34. a7 Nxa7 35. Rxa7 1-0